banner koha

Physiological quality of Physalis ixocarpa Brot. ex Hornem seeds in relation to maturation stage and growing season (Registro n. 300286)

MARC details
000 -LÍDER
fixed length control field 03306nab a2200337 i 4500
003 - CÓDIGO MARC DA AGÊNCIA CATALOGADORA
Campo de controle BR-BrBNA
005 - DATA E HORA DA ÚLTIMA ATUALIZAÇÃO
Campo de controle 20240628101336.0
008 - CAMPO DE TAMANHO FIXO
fixed length control field 240628b2023 bl.ar|pooa||| 00| 0 eng |
040 ## - FONTE DA CATALOGAÇÃO
Agência catalogadora BR-BrBNA
Idioma da catalogação eng
072 ## - CATEGORIA AGRIS
Código AGRIS F01
072 ## - CATEGORIA AGRIS
Código AGRIS F03
100 ## - ENTRADA PRINCIPAL - NOME PESSOAL
Nome pessoal Barroso, Natália dos Santos
100 ## - ENTRADA PRINCIPAL - NOME PESSOAL
Nome pessoal Fonseca, Josandra Souza Teles
100 ## - ENTRADA PRINCIPAL - NOME PESSOAL
Nome pessoal Nascimento, Marilza Neves do
100 ## - ENTRADA PRINCIPAL - NOME PESSOAL
Nome pessoal Soares, Taliane Leila
100 ## - ENTRADA PRINCIPAL - NOME PESSOAL
Nome pessoal Pelacani, Claudinéia Regina
245 ## - TÍTULO PRINCIPAL
Título principal Physiological quality of Physalis ixocarpa Brot. ex Hornem seeds in relation to maturation stage and growing season
500 ## - NOTA GERAL
Nota geral <br/>Publicação online; 32 ref.; 3 illus.; Summaries (En, Pt)
942 ## - ADDED ENTRY ELEMENTS (KOHA)
Koha item type
520 ## - NOTA DE RESUMO
Nota de conteúdo <br/><br/>ABSTRACT - Physalis ixocarpa is an edible fruit with great economic<br/>importance in many countries. The use of high-quality seeds is<br/>essential for the success of the crop, so their harvest should be<br/>carried out at their maximum point of physiological maturity.<br/>This study aimed to verify the influence of the growing season<br/>and fruit maturation stage on the seed physiological maturity<br/>of two P. ixocarpa varieties (‘green’ and ‘purple’) grown in<br/>the Brazilian semi-arid region. The water content, dry weight,<br/>germination percentage and seedling emergence were evaluated.<br/>The growing season influenced the seed maturation process of<br/>the two evaluated varieties, with a more pronounced effect for<br/>the ‘purple’ one. To obtain higher-quality seeds, the cultivation<br/>in the Brazilian semi-arid region can be carried out from May<br/>to August and the collection of fruits to obtain seeds from the<br/>stage 4 of maturation.<br/><br/><br/>KEYWORDS: Solanaceae, tomatillo, fruit maturation, seed<br/>physiological potential.
520 ## - NOTA DE RESUMO
Nota de conteúdo <br/><br/>RESUMO - Physalis ixocarpa é uma fruta comestível com grande<br/>importância econômica em muitos países. O uso de sementes de<br/>alta qualidade é essencial para o sucesso do seu cultivo; portanto,<br/>sua colheita deve ser realizada no ponto máximo de maturidade<br/>fisiológica. Objetivou-se verificar a influência da época de cultivo<br/>e do estádio de maturação dos frutos na maturidade fisiológica<br/>de sementes de duas variedades de P. ixocarpa (‘verde’ e ‘roxa’)<br/>cultivadas no semiárido brasileiro. Foram avaliados o teor de água,<br/>massa seca, porcentagem de germinação e emergência de plântulas. A<br/>época de cultivo influenciou no processo de maturação das sementes<br/>das duas variedades avaliadas, com efeito mais pronunciado para<br/>a ‘roxa’. Para se obter sementes de maior qualidade, o cultivo no<br/>semiárido brasileiro pode ser realizado de maio a agosto e a coleta de<br/>frutos para obtenção de sementes a partir do estádio 4 de maturação.<br/><br/><br/>PALAVRAS-CHAVE: Solanaceae, tomatillo, maturação de<br/>frutos, potencial fisiológico de sementes.
650 ## - ASSUNTO - THESAGRO
Cabeçalho tópico ou nome geográfico SOLANACEAE
650 ## - ASSUNTO - THESAGRO
Cabeçalho tópico ou nome geográfico TOMATILLO
650 ## - ASSUNTO - THESAGRO
Cabeçalho tópico ou nome geográfico SEMENTE
650 ## - ASSUNTO - THESAGRO
Cabeçalho tópico ou nome geográfico MATURAÇÃO
650 ## - ASSUNTO - THESAGRO
Cabeçalho tópico ou nome geográfico ÉPOCA DE PLANTIO
650 ## - ASSUNTO - THESAGRO
Cabeçalho tópico ou nome geográfico QUALIDADE
773 0# - ENTRADA ANALÍTICA
Host Biblionumber 3248
Registro do item 315782
Imprenta Goiânia-GO UFG. Escola de Agronomia 1999
Outro identificador 2024-2144
Título Pesquisa Agropecuária Tropical (Brazil)
ISSN 1517-6398
Colação v. 53 p. 1-8; (2023)
Número de controle de registro BR2024001617
856 ## - ACESSO E ENDEREÇO ELETRÔNICO
Identificador uniforme de recurso - URI https://www.scielo.br/j/pat/a/yq4hHGzv7t8DtdQZFNGYWFB/?format=pdf&lang=en

Nenhum exemplar disponível.

BINAGRI

Telefone: (61)3218-2567/2388/3357/2097 - binagri@agro.gov.br

Ministério da Agricultura e Pecuária , Esplanada dos Ministérios, Bloco D, Anexo B, Brasília/DF, CEP: 70.043-900